| 000 | 01049nam0a2200349 4500 | ||
|---|---|---|---|
| 001 | RU\NLR\bibl\226740 | ||
| 005 | 20250619105755.0 | ||
| 010 |
_a5-85044-627-3 _915000 |
||
| 021 |
_aRU _b2001-53413 _92586 |
||
| 035 | _a(NLR Aleph) 000222753 | ||
| 090 |
_a1295046 _c1295046 |
||
| 100 | _a20020204d2001 |||y0rusy50 ca | ||
| 101 | 1 | _arus | |
| 102 | _aRU | ||
| 105 | _aa ||||||||| | ||
| 200 | 1 |
_aБарби на свадьбе _eДля мл. шк. возраста _fПер. М. Снегиревой |
|
| 210 |
_aМ. _cЭгмонт Россия _d2001 |
||
| 215 |
_a[41] с. _cцв. ил. _d24 |
||
| 225 | 1 | _aBarbie | |
| 225 | 1 | _aКнижный клуб Барби | |
| 606 | 0 | _aСказки американские (д. л.) | |
| 675 |
_a821.111(73)-93 _v3 _zrus |
||
| 686 |
_a17.82.93 _2rugasnti |
||
| 686 |
_a84(7Сое)-44 _2rubbk |
||
| 686 |
_aШ9 _bН99 |
||
| 801 | 0 |
_aRU _bRKP _c20020204 _gPSBO |
|
| 801 | 1 |
_aRU _bRKP _c20020204 |
|
| 801 | 2 |
_aRU _bNLR _c20020313 _grcr |
|
| 942 | _cBOOK | ||
| 980 | _aNB | ||